Kursus Kadaran Penolong Pegawai Penilaian di Penguasa Tempatan 6.8.85 - 24.8.85

Bibliographic Details
Format: Book
Subjects:
Online Access:http://app.inspen.gov.my:7779/pls/portal/docs/PAGE/CORPORATEPAGES/PORTAL_INSPEN/NOTA_KURSUS/AVO/BR.PDF

MARC

LEADER 00000cam a2200000 7i4500
001 0000005553
005 20071130.0
040 |a INS 
090 0 0 |a AVO3 
245 0 0 |a Kursus Kadaran Penolong Pegawai Penilaian di Penguasa Tempatan 6.8.85 - 24.8.85 
500 |a Digital document is available on-line; Please click the URL below 
650 0 0 |a Kadaran 
856 |u http://app.inspen.gov.my:7779/pls/portal/docs/PAGE/CORPORATEPAGES/PORTAL_INSPEN/NOTA_KURSUS/AVO/BR.PDF 
999 |a AVO0000004   |b BOOK   |c Course Notes   |e Default branch 
999 |a AVO0000005   |b BOOK   |c Course Notes   |e Default branch